Á lódáil...
General chemistry /
| Príomhúdar: | |
|---|---|
| Údair Eile: | |
| Formáid: | Printed Book |
| Teanga: | English |
| Foilsithe: |
Belmont, CA :
Brooks/Cole, Cengage Learning,
c2013.
|
| Eagrán: | 10th ed. |
| Ábhair: | |
| Rochtain Ar Líne: | http://www.loc.gov/catdir/enhancements/fy1303/2011935080-b.html http://www.loc.gov/catdir/enhancements/fy1303/2011935080-d.html http://www.loc.gov/catdir/enhancements/fy1303/2011935080-t.html |
| LEADER | 01221cam a2200289 a 4500 | ||
|---|---|---|---|
| 008 | 110725s2013 caua 001 0 eng | ||
| 010 | |a 2011935080 | ||
| 020 | |a 9781111580872 | ||
| 020 | |a 9788131528983 | ||
| 020 | |a 1111580871 | ||
| 042 | |a pcc | ||
| 100 | 1 | |a Ebbing, Darrell D. | |
| 245 | 1 | 0 | |a General chemistry / |c Darrell D. Ebbing, Steven D. Gammon. |
| 250 | |a 10th ed. | ||
| 260 | |a Belmont, CA : |b Brooks/Cole, Cengage Learning, |c c2013. | ||
| 300 | |a xxviii, 1039, 83 p. : |b col. ill. ; |c 29 cm. | ||
| 500 | |a Includes index. | ||
| 650 | 0 | |a Chemistry |v Textbooks. | |
| 700 | 1 | |a Gammon, Steven D. | |
| 856 | 4 | 2 | |u http://www.loc.gov/catdir/enhancements/fy1303/2011935080-b.html |
| 856 | 4 | 2 | |u http://www.loc.gov/catdir/enhancements/fy1303/2011935080-d.html |
| 856 | 4 | 1 | |u http://www.loc.gov/catdir/enhancements/fy1303/2011935080-t.html |
| 942 | |c BK | ||
| 906 | |a 7 |b cbc |c orignew |d 3 |e epcn |f 20 |g y-gencatlg | ||
| 955 | |a pc22 2011-07-25 |a xh00 2012-05-18 to USPL/STM 2 copies |i xh07 2012-06-07 to CALM | ||
| 999 | |c 122201 |d 122201 | ||
| 952 | |0 0 |1 0 |2 ddc |4 0 |6 540_000000000000000_EBB_G |7 0 |9 135300 |a CHE |b CHE |c ST1 |d 2018-01-19 |e 1 |g 722.00 |i 6563 |l 1 |m 2 |o 540 EBB/G |p CHE6563 |q 2021-09-16 |r 2020-01-28 |s 2020-01-28 |v 950.00 |w 2018-07-27 |y BK | ||